000 00302nam a2200121Ia 4500
008 190216s9999||||xx |||||||||||||| ||und||
100 _aLakhani H G
245 0 _aProblems Of Economic Development Of India
260 _bNew Literature Pub Co
_c1972
300 _a289p
650 _aEconomics
942 _cBK
999 _c9415
_d9415